MANAGEMENT OF HOSPITALS, HOSPITAL ADMINISTRATION IN TH 21ST CENTURY (Record no. 15723)

MARC details
000 -LEADER
fixed length control field 00316nam a22001337a 4500
003 - CONTROL NUMBER IDENTIFIER
control field SGT
020 ## - INTERNATIONAL STANDARD BOOK NUMBER
International Standard Book Number 8176293490
082 ## - DEWEY DECIMAL CLASSIFICATION NUMBER
Classification number 362
Item number GOE
100 ## - MAIN ENTRY--PERSONAL NAME
Personal name GOEL, S.L
245 ## - TITLE STATEMENT
Title MANAGEMENT OF HOSPITALS, HOSPITAL ADMINISTRATION IN TH 21ST CENTURY
260 ## - PUBLICATION, DISTRIBUTION, ETC. (IMPRINT)
Name of publisher, distributor, etc DEEP PUBLICATION
Year of Publication 2018
300 ## - PAGE DESCRIPTION
No. of Pages 362
942 ## - ADDED ENTRY ELEMENTS (KOHA)
Source of classification or shelving scheme Dewey Decimal Classification
Koha item type Books
Holdings
Withdrawn status Lost status Source of classification or shelving scheme Damaged status Not for loan Collection code Home library Current library Shelving location Date acquired Vendor Name Volume Information (Serial or Books or Non-Book Material) SGTU Bill Number Total Checkouts Full call number Accession No. (Barcode) Date last seen Bill Date Koha item type Date last borrowed
    Dewey Decimal Classification     COMMERCE MANAGEMENT SGT Science & Social Sciences Library SGT Science & Social Sciences Library Text Book 31/07/2018 KIRTI PRAKASHAN II SGTU IN343   362 GOE CM4402 31/07/2018   Books  
    Dewey Decimal Classification     COMMERCE MANAGEMENT SGT Science & Social Sciences Library SGT Science & Social Sciences Library Text Book 31/07/2018 KIRTI PRAKASHAN II SGTU IN343 1 362 GOE CM4403 26/02/2020   Books 10/02/2020
    Dewey Decimal Classification     COMMERCE MANAGEMENT SGT Science & Social Sciences Library SGT Science & Social Sciences Library Text Book 31/07/2018 KIRTI PRAKASHAN II SGTU IN343   362 GOE CM4404 31/07/2018   Books  
    Dewey Decimal Classification     COMMERCE MANAGEMENT SGT Science & Social Sciences Library SGT Science & Social Sciences Library Text Book 31/07/2018 KIRTI PRAKASHAN II SGTU IN343   362 GOE CM4405 31/07/2018   Books  
    Dewey Decimal Classification   Not For Loan COMMERCE MANAGEMENT SGT Science & Social Sciences Library SGT Science & Social Sciences Library Reference Book 31/07/2018 KIRTI PRAKASHAN II SGTU IN343   362 GOE CM4406 31/07/2018   Books